| 000 | 01139 a2200241 4500 | ||
|---|---|---|---|
| 999 |
_c10281 _d10281 |
||
| 020 | _a9781485120902 | ||
| 020 | _a148512090X | ||
| 050 | 0 | 0 | _aK3511 |
| 100 | 1 |
_aHoops, Bjr̲n, _eauthor. |
|
| 245 | 1 | 4 |
_aThe legitimate justification of expropriation : _ba comparative law and governance analysis / _cBjr̲n Hoops, LLB LLM (Bremen/Oldenburg) LLM (Groningen) Assistant Professor of Law, University of Groningen. |
| 264 | 1 |
_aClaremont, [Cape Town] : _bJuta and Company (Pty) Ltd, 2017. |
|
| 264 | 3 |
_a[Durbanville, Western Cape] : _bDJE Flexible Print Solutions |
|
| 300 |
_axlix, 687 pages : _billustrations ; |
||
| 500 | _aLAW | ||
| 504 | _aIncludes bibliographical references (pages 597-625) and index. | ||
| 650 | 0 | _aEminent domain (International law) | |
| 650 | 0 | _aEminent domain | |
| 650 | 7 | _aEminent domain. | |
| 650 | 7 | _aEminent domain (International law) | |
| 651 | 7 | _aSouth Africa. | |
| 942 |
_2olc _cBK _h3511 _iHOO _kK |
||